01324nab a22002297a 4500003000400000005001700004008004100021040000700062100002300069245006300092260007300155300001500228500004100243505046300284505009000747650002900837650001500866650003400881650001300915650003400928773013200962OSt20251123221253.0190603e xxum|||| |||| 00| 0 spa d cPJ aVinti, Ángela M.13aEl contrato de depósito irregular / cÁngela M. Vinti. cCiudad Autónoma de Buenos Aires :aThomson Reuters La Ley, b2025. ap. 241-250 aCita Online: TR LALEY AR/DOC/61/2025 aSumario: I. Introducción.— II. Los hechos del caso.— III. La decisión adoptada por la Cámara.— IV. Una cuestión procesal. El valor de la denuncia penal hecha por uno de los litigantes en el proceso civil.— V. El contrato de caja de seguridad.— VI. El contrato de depósito.— VII. La causa penal.— VIII. Fallar con perspectiva de vulnerabilidad en sede civil.— IX. Una reflexión final sobre la tasa de interés.— X. Conclusiones. t¿Te interesa el texto completo? Solicitalo al correo: koha@justierradelfuego.gov.ar  0aCODIGO CIVIL Y COMERCIAL 0aCONTRATOS  0aCONTRATO DE CAJA DE SEGURIDAD 0aPANDEMIA 0aSITUACIÓN DE VULNERABILIDAD0 02713dCiudad Autónoma de Buenos Aires : Thomson Reuters La Ley, 2015-tRevista Código Civil y Comercial. Nº 2 - Abril 2025